000 01150nam a2200325 i 4500
001 181919
003 ES-MaACL
005 20250901041437.0
008 130507s2011 sp a | |||||||| | spa d
020 _a978-84-92877-26-3
080 _a117
080 _a611.089(091)
080 _a323.23-055.2"19"
100 1 _aAguilar García, Teresa,
_d1964-
_9152715
245 1 0 _aCuerpo y texto en la cultura occidental /
_cTeresa Aguilar García.
250 _a1ª ed.
260 _aTorrejón de la Calzada, Madrid :
_bDevenir,
_c2011.
300 _a286 p. :
_bil. ;
_c20 cm.
490 1 _aDevenir el otro ;
_vn. 30
504 _aBibliografía: p. 271-282.
586 _aXI Premio de ensayo "Miguel de Unamuno", 2009
650 7 _aCuerpo humano (Filosofía)
_911509
650 4 _aDisección-
_xHistoria.
_9152716
650 4 _aFeminismo-
_xHistoria
_912748
830 1 _aDevenir el otro ;
_vn. 30
_9179466
852 _aES-MaACL
_jA-12613
_9188827
_bR.148875
_cDEPO1
_dOlim: N-5616
_xDonación: José Luis Abellán
903 _aAbellán, José Luis,
_d1933-2023
_ednr
_q1
_9176509
942 _2udc
_cMONOGRAFIA
999 _c181919
_d181919